Contos de Andersen (Registo nº 304)

Detalhes MARC
000 -Etiqueta do registo
Cabeçalho 00694nam0a2200253 4500
005 - Identificador da versão
Campo de controlo 20240813121759.0
010 ## - Número internacional normalizado dos livros (ISBN)
Número (ISBN) 9724302377
021 ## - Número do Depósito Legal
Código do país PT
Número 75375/94
100 ## - Dados gerais de processamento
Dados gerais de processamento 20160310d2003 a e0pory5003 ba
102 ## - Pais de publicação ou produção
País de publicação Portugal
101 1# - Língua de publicação
Língua do texto, banda sonora, etc. Português
Língua do documento no original Inglês
215 ## - Descrição física 
Indicação específica da natureza do documento e extensão da espécie 67 p
200 1# - Titulo e menção de responsabilidade
Título próprio Contos de Andersen
Primeira menção de responsabilidade il. de Lisbeth Zwerger
205 ## - Menção da edição
Menção da edição 5ª ed
210 ## - Publicação, Distribuição, etc. 
Lugar da edição, distribuição, etc. Porto
Nome do editor, distribuidor, etc. Ambar
Data da publicação, distribuição, etc. 2003
606 ## - Nome comum usado como assunto
Número de registo de entrada de autoridade 0002767
Palavra de ordem Literatura dinamarquesa
Subdivisão de assunto Conto
Código do sistema CA
675 ## - Classificação Decimal Universal (CDU)
Notação 821.113.4-34
Edição 3ª ed.
Língua da edição por
702 #1 - Nome de autor-pessoa física (responsabilidade secundária)
Número de registo de entrada de autoridade 0002770
Palavra de ordem Zwerger
Outra parte do nome não tomada para palavra de ordem Lisbeth
Código de função Ilustrador / Técnico de desenho computorizado
700 #1 - Nome de autor-pessoa física (responsabilidade principal)
Número de registo de entrada de autoridade 0002769
Palavra de ordem Andersen
Outra parte do nome não tomada para palavra de ordem Hans Christian
Datas 1805-1875
966 ## - Identificação da Biblioteca
Sigla EB2,3ENM
942 ## - Elementos de entrada adicionados (Koha)
Tipo de item no Koha Livro
Exemplares
Situação do levantamento Origin of item (home branch) (coded) Biblioteca de empréstimo Código de barras Cota Circulation type (not for loan) Tipo de documento Nota do exemplar Damaged status
  Biblioteca Escolar Eng. Nuno Mergulhão Biblioteca Escolar Eng. Nuno Mergulhão BENM971 82LE-34 AND   Livro Sem mensagem